La ciudad creyente (Registro nro. 84722)

Detalles MARC
000 -ENCABEZADO
Número de control [NR] 01121nam a22002537a 4500
005 - FECHA Y HORA DE LA ÚLTIMA TRANSACCIÓN
control field 20210901051415.0
008 - DE LONGITUD FIJA DE DATOS DE ELEMENTOS - INFORMACIÓN GENERAL
Elementos de longitud fija [NR] 130821s1938 ck gr spa
040 ## - FUENTE DE CATALOGACION [NR]
Agencia de catalogación original [NR] Co-BoUCM
Idioma de catalogación [NR] spa
Quien Cataloga Sandra Yazo (modificó)
Quien Clasifica Sandra Yazo (modificó)
041 00 - CODIGO DE IDIOMA [R]
Código de idioma para texto/pista de sonido o título separado [R] Español
092 ## - SIGNATURA TOPOGRAFICA LOCAL
Número de clasificación local FM 000806
100 ## - ASIENTO PRINCIPAL--NOMBRE PERSONAL [NR]
Nombre personal [NR] Mosquera Garces, Manuel
Fechas asociadas con el nombre [NR] 1901-1972
ID Autoridad 105109
245 03 - MENCION DE TITULO [NR]
Título [NR] La ciudad creyente
Mención de responsabilidad, etc. [NR] Manuel Mosquera Garcés
260 ## - PUBLICACION, DISTRIBUCION, ETC. (PIE DE IMPRENTA) [R]
Lugar de publicación, distribución, etc. [R] Bogotá (Colombia)
Nombre del editor, distribuidor, etc. [R] Editorial Centro
Fecha de publicación, distribución, etc. [R] 1938
300 ## - DESCRIPCION FISICA [R]
Extensión [R] 229 páginas
500 ## - NOTA GENERAL [R]
Nota general [NR] Edición conmemorativa del cuarto centenario de la fundación de Bogotá, 1538-1938. -- Incluye bibliografía e índice. -- Este libro se encuentra en el depósito de la biblioteca
600 ## - ASIENTO SECUNDARIO DE MATERIA - NOMBRE PERSONAL [R]
Nombre personal [NR] Arias de Ugarte, Fernando
Títulos y otras palabras asociadas con el nombre [R] Arzobispo
Fechas asociadas con el nombre [NR] 1561-1638
9 (RLIN) 105110
600 ## - ASIENTO SECUNDARIO DE MATERIA - NOMBRE PERSONAL [R]
Nombre personal [NR] Herrera Restrepo, Bernardo
Títulos y otras palabras asociadas con el nombre [R] Arzobispo
Fechas asociadas con el nombre [NR] 1844-1928
9 (RLIN) 105111
600 ## - ASIENTO SECUNDARIO DE MATERIA - NOMBRE PERSONAL [R]
Nombre personal [NR] Paul, José Telesforo
Títulos y otras palabras asociadas con el nombre [R] Arzobispo
Fechas asociadas con el nombre [NR] 1831-1889
9 (RLIN) 105112
610 ## - ASIENTO SECUNDARIO DE MATERIA - NOMBRE CORPORATIVO [R]
Nombre corporativo o nombre de la jurisdicción como elemento de entrada [NR] Iglesia Católica
9 (RLIN) 3579
610 ## - ASIENTO SECUNDARIO DE MATERIA - NOMBRE CORPORATIVO [R]
Nombre corporativo o nombre de la jurisdicción como elemento de entrada [NR] Iglesia Católica
Subdivisión general [R] Historia
Subdivisión geográfica [R] Bogotá (Colombia)
9 (RLIN) 7705
650 04 - ASIENTO SECUNDARIO DE MATERIA - TERMINO TEMATICO [R]
Término temático o nombre geográfico como elemento de entrada [NR] Historia
9 (RLIN) 7695
651 ## - ASIENTO SECUNDARIO DE MATERIA - NOMBRE GEOGRAFICO [R]
Nombre geográfico [NR] Bogotá (Colombia)
9 (RLIN) 457
942 ## - ELEMENTOS DE ENTRADA AGREGADOS (KOHA)
Tipo de ítem principal el descrito en 300a Libro
Tema principal 27
Edición 1
Título oculto en OPAC No
Sistema de clasificación LOCAL
Clasificación FM 000806
Existencias
Suprimido Perdido Sistema de clasificación Dañado No prestable Tipo de ítem específico Ubicación habitual Ubicación actual Localización Fecha de creación Forma de adquisición Costo Volúmen / Fascículo Signatura topográfica Código de barras Última vez visto Ejemplar Price effective from Tipo de ítem Nota pública (OPAC)
    LOCAL     Libro Archivo Histórico Archivo Histórico Archivo histórico 28/02/2003 Donación 10000.00 FM 000806 ~ 120057196 29/06/2012 Ej.1 03/02/2013 Libro TRANSFERENCIA CRAI C3